Welcome to WEB OPAC of MRSPTU Central Library

A course in heat and mass transfer (Record no. 5518)

MARC details
000 -LEADER
fixed length control field 00427nam a2200169Ia 4500
008 - FIXED-LENGTH DATA ELEMENTS--GENERAL INFORMATION
fixed length control field 230711s9999||||xx |||||||||||||| ||und||
041 ## - LANGUAGE CODE
Language code of text/sound track or separate title ENG
082 ## - DEWEY DECIMAL CLASSIFICATION NUMBER
Classification number 621.4022
Item number AR-H
100 ## - MAIN ENTRY--PERSONAL NAME
Personal name Domkundwar,S
245 #2 - TITLE STATEMENT
Title A course in heat and mass transfer
250 ## - EDITION STATEMENT
Edition statement 10th Ed.
260 ## - PUBLICATION, DISTRIBUTION, ETC.
Date of publication, distribution, etc. 2012
Place of publication, distribution, etc. New Delhi
Name of publisher, distributor, etc. Dhanpat Rai & Co.(Pvt.)Ltd.
300 ## - PHYSICAL DESCRIPTION
Extent 936
650 ## - SUBJECT ADDED ENTRY--TOPICAL TERM
Topical term or geographic name entry element Mechanical Engineering
700 ## - ADDED ENTRY--PERSONAL NAME
Personal name Arora,S.C
942 ## - ADDED ENTRY ELEMENTS (KOHA)
Koha item type Book
Holdings
Withdrawn status Lost status Damaged status Not for loan Collection Home library Current library Date acquired Total checkouts Full call number Barcode Date last seen Price effective from Koha item type Date last checked out
          MRSPTU Central Library MRSPTU Central Library     621.4022 AR-H 22875 08/17/2023 08/17/2023 Book  
          MRSPTU Central Library MRSPTU Central Library   1 621.4022 AR-H 22876 01/29/2024 08/17/2023 Book 12/01/2023
          MRSPTU Central Library MRSPTU Central Library   1 621.4022 AR-H 22877 02/08/2024 08/17/2023 Book 09/22/2023
          MRSPTU Central Library MRSPTU Central Library     621.4022 AR-H 22878 08/17/2023 08/17/2023 Book  
          MRSPTU Central Library MRSPTU Central Library     621.4022 AR-H 22879 08/17/2023 08/17/2023 Book  
          MRSPTU Central Library MRSPTU Central Library     621.4022 AR-H 22880 08/17/2023 08/17/2023 Book  
          MRSPTU Central Library MRSPTU Central Library     621.4022 AR-H 22881 08/17/2023 08/17/2023 Book  
          MRSPTU Central Library MRSPTU Central Library     621.4022 AR-H 22882 08/17/2023 08/17/2023 Book  
          MRSPTU Central Library MRSPTU Central Library     621.4022 AR-H 22883 08/17/2023 08/17/2023 Book  
          MRSPTU Central Library MRSPTU Central Library   1 621.4022 AR-H 22884 02/08/2024 08/17/2023 Book 12/01/2023

Website Designed and Developed by MRSPTU Central Library Team

E-mail Id: librarian@mrsptu.ac.in